00654nam a2200205Ia 4500020001800000082001900018100002100037245001900058260003600077300000900113440006500122504002600187650003900213650004200252650004700294650003800341700002700379700002000406700002200426 a0-8039-4036-X a006.33019 BEN; aBrent, Edward E. 0aExpert systems aLondonbSage Publicationsc1991 a92p. aSage University paper series on quantitative applications in aIncludes bibliography aSystems, Expert (Computer science) aSocial sciences - Statistical methods aKnowledge based systems (Computer science) aExpert systems (Computer science) aLewis-Beck, Michael S. aFurbee, Louanna aBenfer, Robert A.